Complete the Card - WWE Judgment Day 2007 - Statistics

General Stats
  • This quiz has been taken 12 times
  • The average score is 17 of 20
Answer Stats
Answer % Correct
Batista
100%
Bobby Lashley
100%
Chris Benoit
100%
Edge
100%
Jeff Hardy
100%
John Cena
100%
Matt Hardy
100%
MVP
100%
Randy Orton
100%
Shane McMahon
100%
The Great Khali
100%
Umaga
100%
Vince McMahon
100%
Shawn Michaels
80%
Carlito
60%
CM Punk
60%
Lance Cade
60%
Trevor Murdoch
60%
Elijah Burke
20%
Ric Flair
20%
No matching quizzes found
Score Distribution
Percent of People with Each Score
Percentile by Number Answered
Your Score History
You have not taken this quiz